000 00419nam a2200181Ia 4500
001 20237
005 20260306172751.0
008 260306t2015||||xx |||||||||||||| ||spa||
041 _aESP
082 _a343
_bS55
100 _aSilva Santisteban Bringas, José
_eAUT
245 0 _aCurso de derecho constitucional
260 _c2015
300 _a
_c
650 _aGEN
654 _aCDE
942 _cLIB
_dJUS
_fJUS
_2ddc
_n
999 _c20237
_d20237